Biblioteca

Manual de los postreros días (Registro nro. 69112)

Detalles MARC
000 -LÍDER
Campo fijo de descripción fija 02145aam a2200349 i 4500
001 - NÚMERO DE CONTROL
Campo de control 768714001
003 - IDENTIFICADOR DEL NÚMERO DE CONTROL
Campo de control CO-MdFUSB
005 - FECHA Y HORA DE LA ULTIMA TRANSACCIÓN
control field 20231116165736.0
007 - CAMPO FIJO DE DESCRIPCIÓN FIJA--INFORMACIÓN GENERAL
Campo fijo de descripción fija ta
008 - ELEMENTOS DE LONGITUD FIJA -- INFORMACIÓN GENERAL
Campo fijo de descripción fija -- Información general 231004t19901990flu||||g |||| 00| 0 spa d
020 ## - NÚMERO INTERNACIONAL NORMALIZADO PARA LIBROS
Número Internacional Normalizado del libro 0881131938
040 ## - FUENTE DE CATALOGACIÓN
Agencia de catalogación original CO-MdFUSB
Idioma de catalogación spa
Agencia que realiza la transcripción CO-MdFUSB
Agencia que realiza la modificación CO-MdFUSBC
Convenciones de la descripción rda
041 ## - CÓDIGO DE IDIOMA
Código de idioma para texto/pista de sonido o título separado spa
Código de idioma original eng
082 ## - NÚMERO DE CLASIFICACIÓN DECIMAL DEWEY
Número de la edición del Dewey 23
Número de clasificación 236.9
Clave de autor-Numero de item L724
100 ## - ASIENTO PRINCIPAL--NOMBRE PERSONAL
Nombre personal Lightner, Robert P.,
Término relacionador autor
240 ## - TITULO UNIFORME
Título uniforme <a href="The last days handbook">The last days handbook</a>
245 ## - TÍTULO
Título del Material Manual de los postreros días
Mención de responsabilidad, etc. / Robert P. Lightner ; traducido por Javier Quiñones Ortiz
264 #1 - PRODUCCIÓN, PUBLICACIÓN, DISTRIBUCIÓN, MANUFACTURA, Y COPYRIGHT
Lugar de producción, publicación, distribución, manufactura Miami, Florida :
Nombre del productor, publicador, distribuidor Caribe,
Fecha de producción, publicación, distribución, manufactura, o copyright [1995]
264 #4 - PRODUCCIÓN, PUBLICACIÓN, DISTRIBUCIÓN, MANUFACTURA, Y COPYRIGHT
Fecha de producción, publicación, distribución, manufactura, o copyright ©1995
300 ## - DESCRIPCIÓN FÍSICA
Extensión 158 páginas
Dimensiones ; 21 cm
336 ## - TIPO DE CONTENIDO
Fuente rdacontent
Término de tipo de contenido texto
Código de tipo de contenido txt
337 ## - TIPO DE MEDIO
Fuente rdamedia
Nombre del tipo de medio sin mediación
Código del tipo de medio n
338 ## - TIPO DE SOPORTE
Fuente rdacarrier
Nombre del tipo de soporte volumen
Código Tipo de soporte nc
505 ## - NOTA DE CONTENIDO
Nota de contenido con formato preestablecido Primera Parte: Los asuntos: 1. ¿Otro libro acerca de las profecías? -- 2. El conceso evangélico en cuanto al porvenir -- Segunda Parte: Sistemas escatológicos: como difieren los evangélicos: 3. Premilenarismo -- 4. Aminelarismo -- 5. Posminelarismo -- 6. ¿Cuáles son las diferencias? -- Tercera Parte: ¿Porque la diversidad de enfoques acerca del futuro?: 7. La interpretación de las Escrituras -- 8. Los pactos y los métodos de interpretación -- 9. ¿Porque persisten las diferencias? -- Cuarta Parte: ¿Qué puedo hacer?: 10. Pasos hacia una solución.
520 ## - NOTA DE RESUMEN, ETC.
Nota de sumario, etc. ¿Porque hay una batalla tan feroz respecto a cuando regresara Cristo?<br/>Desde el tercer siglo d.C., los cristianos han debatido la secuencia de hechos que rodean la venida de Cristo. A través de los años, métodos contrarios de interpretación bíblica han llevado a varias explicaciones de los pasajes proféticos de la biblia. Y cristianos que podrían concordar en todas las doctrinas esenciales de la fe se ha enfrascado en un combate de versículo por versículo sobre quien está en lo correcto y quien está equivocado en el gran debate escatológico.
563 ## - NOTA DE ENCUADERNACIÓN
Nota de encuadernación Rústico
650 #7 - ASIENTO SECUNDARIO DE MATERIA - TERMINO TEMÁTICO
Fuente del encabezamiento o término embne
9 (RLIN) 7087
Término temático o nombre geográfico como elemento de entrada Mesías
Subdivisión general Profecías
650 #7 - ASIENTO SECUNDARIO DE MATERIA - TERMINO TEMÁTICO
9 (RLIN) 213
Término temático o nombre geográfico como elemento de entrada Escatología
700 ## - ASIENTO SECUNDARIO - NOMBRE PERSONAL
9 (RLIN) 1534
Nombre personal Quiñones-Ortiz, Javier A.
Responsabilidad traductor
942 ## - TIPO DE MATERIAL (KOHA)
Tipo de Item KOHA Libros General
945 ## - INFORMACIÓN LOCAL DEL REGISTRO
Catalogador sor1564
Existencias
Estado de Material Estado de Perdido Forma de Clasificación Estado de Dañado No para Préstamo Colección Biblioteca de Origen Biblioteca Permanente Fecha de Adquisición Área Total de Préstamos Signatura Topográfica Código de Barras Última vez visto Ejemplar/Existencia Fecha de Remplazo Tipo de Material
    Dewey Decimal Classification     Colección General Biblioteca FUSBC Biblioteca FUSBC 04/10/2023 TEOLOGÍA CRISTIANA   G 236.9 L724m 22496 04/10/2023 Ej. 1 04/10/2023 Libros General

Biblioteca FUSBC | Teléfono: (57+4) 349 88 10 Ext. 141| WhatsApp (+57) 3005338115 
E-mail: biblioteca@unisbc.edu.co | Calle 76 87-14 Robledo Palenque, Medellín, Colombia

Con tecnología Koha